tienne Gibson: Bytí a někteří filosofové

Bibliographic Details
Main Author: Černík, Václav, 1931-2017 (Author)
Format: Article
Language:Slovak
ISSN:1335-0668
Subjects:

MARC

LEADER 00000nab a2200000 a 4500
001 vtls000663302
003 SK-MaSNL
005 20260304090520.0
008 250425c1998 xo 0 slo
015 |a SNBRA1998/05-14026 
035 |a CLN000015489 
035 |a urn:nbn:sk:snk-ab9ju4 
035 |a (urnnbn)urn:nbn:sk:snk:ar-a08hgc 
035 |a (uuid)763f5690-e67e-4e9e-a799-4341508370be 
040 |a SNKBUCL  |b slo  |c SNKBUCL  |e AACR2 
041 0 |a slo 
044 |a xo  |c SK 
080 |a 111.1(048)  |2 1997 
100 1 |a Černík, Václav,  |d 1931-2017  |4 aut  |9 92701 
245 1 0 |a tienne Gibson: Bytí a někteří filosofové  |c Václav Černík 
650 0 7 |a bytie  |x publikácie  |x recenzie  |2 snkbucl  |9 1381694 
655 7 |a články z novín a časopisov  |2 snkbucl  |9 267496 
773 0 |t ORGANON F  |g Roč. 5, č. 2 (1998), s. 199-205  |x 1335-0668 
787 0 8 |i Rec.:  |a Gibson, tienne Henry, 1884-1978  |t Bytí a někteří filosofové  |d Praha : Oikámené, 1997 
850 |a Slovenská národná knižnica 
852 |a Slovenská národná knižnica 
954 |a odborná, vedecká literatúra pôvodná (slovenská)  |2 lita 
958 |a article13 
958 |a OND 
958 |a SK 
958 |a EUIPO 
992 |a RBX 
999 |c 2811697  |d 2813627